پیراہن یوسفی مثنوی معنوی : ;; Pirahan Yousefi :Masnavi Manawi (Record no. 83489)
[ view plain ]
| 000 -LEADER | |
|---|---|
| fixed length control field | 00925nam a22002417a 4500 |
| 001 - CONTROL NUMBER | |
| control field | 83489 |
| 003 - CONTROL NUMBER IDENTIFIER | |
| rucl marc code | BD-RjUL |
| 005 - DATE AND TIME OF LATEST TRANSACTION | |
| control field | 20240327105215.0 |
| 008 - FIXED-LENGTH DATA ELEMENTS--GENERAL INFORMATION | |
| fixed length control field | 240327s1943 ii ||||| |||| 00| 0 per d |
| 035 ## - SYSTEM CONTROL NUMBER | |
| System control number | (BD-RjUL)83489 |
| 040 ## - CATALOGING SOURCE | |
| Original cataloging agency | BD-RjUL |
| Language of cataloging | eng |
| Transcribing agency | BD-RjUL |
| 041 ## - LANGUAGE CODE | |
| Language code of text/sound track or separate title | per |
| 082 ## - DEWEY DECIMAL CLASSIFICATION NUMBER | |
| Edition number | 23 |
| Classification number | 891.551 |
| Author mark and year | RUP 1947 |
| 100 ## - MAIN ENTRY--PERSONAL NAME | |
| Personal name | رومی، جلال الدین ;; Rumi, Jalaluddin |
| 9 (RLIN) | 12552 |
| 245 ## - TITLE STATEMENT | |
| Title | پیراہن یوسفی مثنوی معنوی : ;; Pirahan Yousefi :Masnavi Manawi |
| Statement of responsibility, etc. | مولانا جلال الدین رومی ; ترجم : محمد یوسف علی شاہ ;; Maulana Jalaluddin Rumi tarjumah muhammad yousuf Ali Shah |
| 260 ## - PUBLICATION, DISTRIBUTION, ETC. (IMPRINT) | |
| Place of publication, distribution, etc. | Lakhnuw : |
| Name of publisher, distributor, etc. | Dar I Matbah, |
| Date of publication, distribution, etc. | 1947 |
| 300 ## - PHYSICAL DESCRIPTION | |
| Pagination | V. ; |
| 500 ## - GENERAL NOTE | |
| General note | Urdu, Persian |
| 505 ## - FORMATTED CONTENTS NOTE | |
| Formatted contents note | Vol. 2.--V. 3.--V.4. --V.5-- |
| 650 ## - SUBJECT ADDED ENTRY--TOPICAL TERM | |
| Topical term or geographic name as entry element | Persian |
| Form subdivision | Poetry |
| 9 (RLIN) | 12553 |
| 700 ## - ADDED ENTRY--PERSONAL NAME | |
| Personal name | Shah, Muhammad Yusuf Ali ;; شاہ، محمد یوسف علی |
| 942 ## - ADDED ENTRY ELEMENTS (KOHA) | |
| Source of classification or shelving scheme | Dewey Decimal Classification |
| Koha item type | Books |
| Lost status | Source of classification or shelving scheme | Damaged status | Not for loan | Collection code | Permanent Location | Current Location | Shelving location | Date acquired | Total Checkouts | Full call number | Date last seen | Copy number | Koha item type |
|---|---|---|---|---|---|---|---|---|---|---|---|---|---|
| Dewey Decimal Classification | Not For Loan | Non-fiction | Central Library, University of Rajshahi | Central Library, University of Rajshahi | Reading Room | 27/03/2024 | F 891.551 RUP V-2 1947 | 27/03/2024 | C-1 | Books | |||
| Dewey Decimal Classification | Not For Loan | Non-fiction | Central Library, University of Rajshahi | Central Library, University of Rajshahi | Reading Room | 27/03/2024 | F 891.551 RUP V-3 1947 | 27/03/2024 | C-1 | Books | |||
| Dewey Decimal Classification | Not For Loan | Non-fiction | Central Library, University of Rajshahi | Central Library, University of Rajshahi | Reading Room | 27/03/2024 | F 891.551 RUP V-4 1947 | 27/03/2024 | C-1 | Books | |||
| Dewey Decimal Classification | Not For Loan | Non-fiction | Central Library, University of Rajshahi | Central Library, University of Rajshahi | Reading Room | 27/03/2024 | F 891.551 RUP V-5 1947 | 27/03/2024 | C-1 | Books | |||
| Dewey Decimal Classification | Not For Loan | Non-fiction | Central Library, University of Rajshahi | Central Library, University of Rajshahi | Reading Room | 02/04/2026 | U 891.551 RUP V-1 1947 | 02/04/2026 | C-1 | Books |